000 00398nam a2200157Ia 4500
008 230711s9999||||xx |||||||||||||| ||und||
041 _aENG
082 _a624
_bRO-R
100 _aS.S.Ray
245 0 _aReinforced concrete analysis and design
250 _a1st . Ed.
260 _c1995
_aNew Delhi
_bBlackwell Scientific Publications
300 _a543
650 _aCivil Engineering
942 _cBK
999 _c2877
_d2877